Instructor's Manual for People, Management, and Productivity Featuring Io Enterprises. A Microcomputer Simulation
Salvato in:
| Autore principale: | |
|---|---|
| Altri autori: | |
| Natura: | Libro |
| Lingua: | inglese |
| Pubblicazione: |
Boston
Allyn and Bacon
1986
|
| Edizione: | 1. ed. |
| Soggetti: | |
| Tags: |
Nessun Tag, puoi essere il primo ad aggiungerne!!
|
MARC
| LEADER | 00000nam a2200000 4500 | ||
|---|---|---|---|
| 001 | c004862 | ||
| 005 | 20221207073705.6 | ||
| 020 | |a 0-205-08780-9 | ||
| 041 | 0 | |a eng | |
| 044 | |a US | ||
| 245 | 1 | 0 | |a Instructor's Manual for People, Management, and Productivity |b Featuring Io Enterprises. A Microcomputer Simulation |c Joseph E. Garcia, Chad T. Lewis |
| 250 | |a 1. ed. | ||
| 264 | 1 | |a Boston |b Allyn and Bacon |c 1986 | |
| 300 | |a 133 s. | ||
| 610 | 2 | 0 | |a manažment |
| 610 | 2 | 0 | |a produktivita |
| 610 | 2 | 0 | |a pracovníci |
| 610 | 2 | 0 | |a správanie |
| 610 | 2 | 0 | |a simulácia |
| 610 | 2 | 0 | |a komunikácia |
| 610 | 2 | 0 | |a rozhodovanie |
| 610 | 2 | 0 | |a vedenie |
| 610 | 2 | 0 | |a školenie odborné |
| 610 | 2 | 0 | |a rozvoj pracovníkov |
| 610 | 2 | 0 | |a podnik ťažobný |
| 610 | 2 | 0 | |a mikropočítače |
| 610 | 2 | 0 | |a vyučovanie |
| 610 | 2 | 0 | |a metodika |
| 100 | 1 | |a Garcia, Joseph E. | |
| 700 | 1 | |a Lewis, Chad T. | |